| 000 | 00632nam a2200229Ia 4500 | ||
|---|---|---|---|
| 003 | OSt | ||
| 005 | 20220924115429.0 | ||
| 006 | a|||||r|||| 00| 0 | ||
| 007 | ta | ||
| 008 | 220923b |||||||| |||| 00| 0 san d | ||
| 024 | _a121318 | ||
| 037 | _cTextual | ||
| 040 |
_aARTS _cARTS _bsan |
||
| 041 |
_2san _asan |
||
| 082 | _aWx1,1, 15M4;N0.1-.3 | ||
| 100 | _aKautilya | ||
| 245 | 0 | _aArthasastra of Kautalya ed by T Ganapati Sastri | |
| 260 |
_aDelhi _bBharatiya Vidya Prak _c1990 |
||
| 650 | _aPOLITICAL SCIENCE | ||
| 942 |
_hWx1,1, 15M4;N0.1-.3 _cTEXL _2CC |
||
| 999 |
_c398298 _d398298 |
||